| 000 | 00474nam a22001817a 4500 | ||
|---|---|---|---|
| 003 | NUST - PNEC | ||
| 005 | 20170116181039.0 | ||
| 008 | 150917b xxu||||| |||| 00| 0 eng d | ||
| 020 | _a812390648X | ||
| 040 | _cLIBRARY | ||
| 082 | _a621.483 GLA | ||
| 100 |
_910814 _a Glasstone, Samuel |
||
| 245 |
_aNuclear reactor engineering ( Volume Two ) _cSamuel,Glasstone |
||
| 250 | _a4th ed | ||
| 260 | _c1998 | ||
| 650 |
_910815 _aNuclear reactors _xGeneral |
||
| 942 |
_2ddc _cBK |
||
| 999 |
_c68038 _d68038 |
||